[Event "26. European Club Cup 2010"]
[Site "Plovdiv BUL"]
[Date "2010.10.23"]
[Round "7.7"]
[White "Laznicka, Viktor"]
[Black "Kononenko, Dmitry"]
[Result "1/2-1/2"]
[WhiteElo "2690"]
[BlackElo "2582"]
[PlyCount "98"]
[EventDate "2010.12.17"]
[EventType "team"]
[EventCountry "BUL"]
[Source "lmi"]
[SourceDate "2010.10.17"]

1. d4 Nf6 2. c4 e6 3. g3 c5 4. d5 exd5 5. cxd5 d6 6. Nc3 g6 7. Bg2 Bg7 8. Nf3
O-O 9. O-O a6 10. a4 Nbd7 11. Nd2 Re8 12. h3 Rb8 13. Nc4 Ne5 14. Na3 Nh5 15. e4
Rf8 16. Kh2 Bd7 17. Qe2 f5 18. f4 fxe4 19. fxe5 Nxg3 20. Rxf8+ Qxf8 21. Qe1
Bxe5 22. Nc4 Nf1+ 23. Kg1 Bd4+ 24. Kh1 Bxh3 25. Qxf1 Qxf1+ 26. Bxf1 Bxf1 27.
Nxd6 Rf8 28. Ndxe4 Rf3 29. Ng5 Rg3 30. Bf4 Rg1+ 31. Kh2 Rg2+ 32. Kh3 Rg1+ 33.
Rxf1 Rxf1 34. Bc7 Kf8 35. Nce4 Ke7 36. Kg2 Rf5 37. d6+ Kd7 38. b3 Rf4 39. Kg3
Be5 40. Nxc5+ Kc6 41. Nd3 Bxd6 42. Nxf4 Bxc7 43. Nxh7 Kc5 44. Nf8 Kb4 45. N8e6
Bd6 46. Kf3 Bxf4 47. Kxf4 Kxb3 48. Nc5+ Kb4 49. Nxb7 Kxa4 1/2-1/2

[Event "26. European Club Cup 2010"]
[Site "Plovdiv BUL"]
[Date "2010.10.23"]
[Round "7.10"]
[White "Iotov, Valentin"]
[Black "Dizdarevic, Emir"]
[Result "1/2-1/2"]
[WhiteElo "2588"]
[BlackElo "2475"]
[PlyCount "128"]
[EventDate "2010.12.17"]
[EventType "team"]
[EventCountry "BUL"]
[Source "lmi"]
[SourceDate "2010.10.17"]

1. d4 Nf6 2. c4 b6 3. Nc3 Bb7 4. d5 e6 5. e4 Bb4 6. Bd3 exd5 7. cxd5 c6 8. dxc6
dxc6 9. Bg5 h6 10. Bh4 Nbd7 11. Nge2 Nc5 12. Bc2 Qxd1+ 13. Rxd1 Ncxe4 14. O-O
Ng5 15. a3 Bc5 16. b4 Be7 17. Ng3 O-O 18. Nf5 Rfe8 19. f4 Ngh7 20. Ne4 a5 21.
Ned6 Bxd6 22. Nxd6 Re7 23. Rfe1 Rc7 24. Bf2 c5 25. bxc5 bxc5 26. Bb3 Ba6 27.
Rc1 c4 28. Bxc4 Bxc4 29. Rxc4 Rxc4 30. Nxc4 Nd5 31. Nb6 Nxb6 32. Bxb6 Nf6 33.
Rd1 Ra6 34. Bc7 Kh7 35. Kf2 a4 36. Kf3 h5 37. h3 Kg6 38. g4 Rc6 39. f5+ Kh7 40.
Be5 hxg4+ 41. hxg4 Rc5 42. Ba1 Rb5 43. Rd3 Nd5 44. Ke4 Nf6+ 45. Kf3 Nd5 46. Ke4
Nf6+ 47. Bxf6 gxf6 48. Rd4 Ra5 49. Kd3 Kh6 50. Kc4 Kg5 51. Kb4 Ra8 52. Kb5 Ra7
53. Kb6 Ra8 54. Kb7 Ra5 55. Kc7 Kh6 56. Kd7 Kg7 57. Kc7 Kh6 58. Rc4 Kg5 59. Kd7
Kh6 60. Rd4 Ra7+ 61. Kd8 Ra8+ 62. Ke7 Kg7 63. Rc4 Ra5 64. Kd7 Kh6 1/2-1/2

[Event "26. European Club Cup 2010"]
[Site "Plovdiv BUL"]
[Date "2010.10.23"]
[Round "7.12"]
[White "Csiba, Dominik"]
[Black "Franco Alonso, Alejandro"]
[Result "1/2-1/2"]
[WhiteElo "2389"]
[BlackElo "2490"]
[PlyCount "140"]
[EventDate "2010.12.17"]
[EventType "team"]
[EventCountry "BUL"]
[Source "lmi"]
[SourceDate "2010.10.17"]

1. e4 c5 2. Nf3 e6 3. d4 cxd4 4. Nxd4 Nf6 5. Nc3 d6 6. g4 h6 7. h3 Nc6 8. Be3
Bd7 9. Bg2 Ne5 10. f4 Nc4 11. Bc1 Rc8 12. b3 Qa5 13. Nde2 Nb6 14. Bd2 Qc5 15.
Nc1 Qc7 16. Nd3 Bc6 17. O-O d5 18. e5 Ne4 19. a4 Be7 20. Ne2 h5 21. Be3 hxg4
22. hxg4 Nd7 23. Bd4 g5 24. f5 Ndf6 25. fxe6 fxe6 26. Ng3 Bd8 27. Nh5 Nxh5 28.
gxh5 Qh7 29. Qg4 Bd7 30. Bxe4 Qxe4 31. Qxe4 dxe4 32. Nc5 Bb6 33. b4 Rxh5 34.
Rf6 Rh8 35. Raf1 Bxc5 36. Bxc5 Kd8 37. Rf7 Rxc5 38. bxc5 Kc8 39. Rf8+ Rxf8 40.
Rxf8+ Kc7 41. Rf7 a5 42. Kf2 Kc8 43. Rf8+ Kc7 44. Ra8 Bxa4 45. c3 Kc6 46. Rxa5
Bb5 47. Ra8 Kxc5 48. Ke3 Bc6 49. Rg8 Kc4 50. Kd2 e3+ 51. Kxe3 Kxc3 52. Rxg5 Kc4
53. Rg1 Kd5 54. Kf4 b5 55. Rd1+ Kc5 56. Rc1+ Kb6 57. Ke3 Bd5 58. Kd4 b4 59. Rc8
b3 60. Kc3 Kb7 61. Rd8 Kc7 62. Rd6 Kb7 63. Kb2 Kc7 64. Ra6 Kb7 65. Ra4 Kb6 66.
Rb4+ Kc6 67. Kc3 Kc5 68. Rb8 Kc6 69. Kd4 Kc7 70. Rb4 Kc6 1/2-1/2

[Event "26. European Club Cup 2010"]
[Site "Plovdiv BUL"]
[Date "2010.10.23"]
[Round "7.12"]
[White "Hamdouchi, Hicham"]
[Black "Michalik, Peter"]
[Result "0-1"]
[WhiteElo "2592"]
[BlackElo "2455"]
[PlyCount "116"]
[EventDate "2010.12.17"]
[EventType "team"]
[EventCountry "BUL"]
[Source "lmi"]
[SourceDate "2010.10.17"]

1. e4 e5 2. Bc4 Nf6 3. d3 c6 4. Nf3 d5 5. Bb3 Bd6 6. exd5 cxd5 7. Bg5 Be6 8.
Nc3 Bc7 9. O-O Nc6 10. Re1 Qd7 11. Ba4 d4 12. Bxf6 gxf6 13. Ne4 Qe7 14. c3 dxc3
15. bxc3 Bd5 16. Nd4 O-O-O 17. Nxc6 bxc6 18. Qf3 Rhg8 19. c4 Bxe4 20. Qxe4 Qe6
21. Rab1 f5 22. Qf3 Rg6 23. c5 Rd4 24. Bb3 Qf6 25. g3 f4 26. Qg2 Qf5 27. Bd1
Rf6 28. Re4 Rxd3 29. Reb4 Rd2 30. Bf3 h5 31. g4 Qg5 32. h4 Qg6 33. gxh5 Qxg2+
34. Kxg2 Rh6 35. Bg4+ Kd8 36. Kf3 a5 37. Rb7 Rd4 38. Ra7 e4+ 39. Ke2 f5 40.
Bxf5 Rxh5 41. Ra8+ Ke7 42. Rb7 Rxf5 43. Rxc7+ Rd7 44. Raa7 Rfd5 45. Rxd7+ Rxd7
46. Rxa5 Ke6 47. Ra4 Ke5 48. Rb4 Rh7 49. a4 Rxh4 50. a5 e3 51. Kd3 exf2 52. Rb1
Rh3+ 53. Ke2 Ra3 54. Kxf2 Rxa5 55. Rc1 Ra2+ 56. Kf3 Ra3+ 57. Ke2 Kd4 58. Rc2
Rc3 0-1